Historia de las migraciones limítrofes en el Cono Sur de América: Argentina, Bolivia, Brasil, Chile, Paraguay y Uruguay: Primera parte - del siglo XIX a 1960, Vol. I: Argentina/ por Hernán Asdrúbal Silva. (Record no. 138057)
[ view plain ]
| 000 -CABECERA | |
|---|---|
| campo de control de longitud fija | 00804nam a2200229 a 4500 |
| 005 - FECHA Y HORA DE LA ÚLTIMA TRANSACCIÓN | |
| campo de control | 20210219160448.0 |
| 008 - ELEMENTOS DE LONGITUD FIJA--INFORMACIÓN GENERAL | |
| campo de control de longitud fija | 081109s2000 mx r 000 0 spa d |
| 020 ## - NÚMERO INTERNACIONAL NORMALIZADO PARA LIBROS | |
| Número Internacional Estándar del Libro | 9686384669 (obra completa) |
| 020 ## - NÚMERO INTERNACIONAL NORMALIZADO PARA LIBROS | |
| Número Internacional Estándar del Libro | 968-6384-61-8 |
| 035 ## - NÚMERO DE CONTROL DEL SISTEMA | |
| Número de control de sistema | UPN01000165945 |
| 049 ## - COLECCIÓN | |
| Colección | UNE |
| 080 ## - NÚMERO DE CLASIFICACIÓN DECIMAL UNIVERSAL | |
| Número de la Clasificación Decimal Universal | 314.74 (82) "2002" ASD Vol. I. |
| 100 1# - ASIENTO PRINCIPAL--NOMBRE PERSONAL | |
| Nombre de persona | Asdrúbal Silva, Hernán |
| 245 10 - MENCIÓN DE TÍTULO | |
| Título | Historia de las migraciones limítrofes en el Cono Sur de América: Argentina, Bolivia, Brasil, Chile, Paraguay y Uruguay: Primera parte - del siglo XIX a 1960, Vol. I: Argentina/ por Hernán Asdrúbal Silva. |
| 260 ## - PUBLICACIÓN, DISTRIBUCIÓN, ETC. | |
| Lugar de publicación, distribución, etc. | México: IPGH, 2002. |
| 300 ## - DESCRIPCIÓN FÍSICA | |
| Extensión | 200 p.; 23 cm. il. |
| 440 #0 - MENCIÓN DE SERIE/ASIENTO SECUNDARIO--TÍTULO | |
| Título | IPGH Pub.; 525 |
| 500 ## - NOTA GENERAL | |
| Nota general | Volumen I: Argentina |
| 690 ## - PUNTO DE ACCESO ADICIONAL DE MATERIA LOCAL--TÉRMINO DE MATERIA (OCLC, RLIN) | |
| Término de materia o nombre geográfico como elemento inicial | Migración de personas |
| 690 ## - PUNTO DE ACCESO ADICIONAL DE MATERIA LOCAL--TÉRMINO DE MATERIA (OCLC, RLIN) | |
| Término de materia o nombre geográfico como elemento inicial | Argentina |
| 905 ## - TIPO DE MATERIAL | |
| Tipo de material | UNESCO |
No items available.
